Introducing multilingualism: a social approach (Record no. 161111)

MARC details
000 -LEADER
fixed length control field 00481nam a2200169Ia 4500
008 - FIXED-LENGTH DATA ELEMENTS--GENERAL INFORMATION
fixed length control field 210423s2012 xx 000 0 und d
020 ## - INTERNATIONAL STANDARD BOOK NUMBER
International Standard Book Number 9780415609975
041 ## - LANGUAGE CODE
Language code of text/sound track or separate title eng
082 ## - DEWEY DECIMAL CLASSIFICATION NUMBER
Classification number 404.2 WEBJ
100 ## - MAIN ENTRY--PERSONAL NAME
Personal name WEBER (Jean-Jacques);HORNER (Kristine)
245 ## - TITLE STATEMENT
Title Introducing multilingualism: a social approach
260 ## - PUBLICATION, DISTRIBUTION, ETC.
Name of publisher, distributor, etc. Routledge
Date of publication, distribution, etc. 2012
300 ## - PHYSICAL DESCRIPTION
Extent x,214
Other physical details PB
365 ## - TRADE PRICE
Price amount 1845
Currency code INR
650 ## - SUBJECT ADDED ENTRY--TOPICAL TERM
Topical term or geographic name entry element Language
906 ## - LOCAL DATA ELEMENT F, LDF (RLIN)
a approach ; Introducing ; multilingualism: ; social
Holdings
Withdrawn status Lost status Damaged status Not for loan Collection code Home library Current library Date acquired Source of acquisition Cost, normal purchase price Total Checkouts Full call number Barcode Date last seen Price effective from Koha item type
        MA English St Aloysius PG Library St Aloysius PG Library 03/11/2013 Athulya Books 1845.00   404.2 WEBJ PG007592 08/24/2022 04/26/2021 Reference